Electrical Engineering Drawing (Record no. 4620)

MARC details
000 -LEADER
fixed length control field 00412nam a22001697a 4500
005 - DATE AND TIME OF LATEST TRANSACTION
control field 20180717162813.0
008 - FIXED-LENGTH DATA ELEMENTS--GENERAL INFORMATION
fixed length control field 160629b xxu||||| |||| 00| 0 eng d
020 ## - INTERNATIONAL STANDARD BOOK NUMBER
ISBN 978-93-5014-305-6
041 ## - LANGUAGE CODE
Language code of text/sound track or separate title eng
082 ## - DEWEY DECIMAL CLASSIFICATION NUMBER
Item number 11983
100 ## - MAIN ENTRY--AUTHOR NAME
Personal name Singh, Surjit
245 ## - TITLE STATEMENT
Title Electrical Engineering Drawing
260 ## - PUBLICATION, DISTRIBUTION, ETC. (IMPRINT)
Name of publisher Katson
Year of publication 2012
Place of publication 621.3
300 ## - PHYSICAL DESCRIPTION
Number of Pages 203p,
650 ## - SUBJECT ADDED ENTRY--TOPICAL TERM
Topical Term Diploma Engineering
942 ## - ADDED ENTRY ELEMENTS (KOHA)
Koha item type Books
Holdings
Lost status Damaged status Home library Current library Shelving location Date acquired Cost, normal purchase price Full call number Accession Number Koha item type
    JRU Library   SHELF-36-B 29/06/2016 145.00 621.3 11983 Books
    JRU Library   SHELF-36-B 29/06/2016 145.00 621.3 11984 Books
    JRU Library   SHELF-36-B 29/06/2016 145.00 621.3 11985 Books
    JRU Library   SHELF-36-B 29/06/2016 145.00 621.3 11986 Books
    JRU Library   SHELF-36-B 29/06/2016 145.00 621.3 11987 Books